Expressions lyonnaises - Statistiques

Statistiques générales
  • Ce quiz a été pris 57 fois
  • Le résultat moyen est 5 sur 15
Statistiques - réponses
Hint Réponse % Correct
Cher Beaucoup
88%
Jacter Parler
68%
Chaber Regarder
61%
Balnav Mentir
54%
Gache Place
46%
Pelo Garçon
44%
Rouiller S’ennuyer
29%
Postiché posé
27%
Balnav Draguer
24%
Une chatte Une fille
22%
Dikav Voir
17%
Bouler Frapper
15%
Coller Halluciner
10%
Trikar Vu
7%
Une vache Une grosse
5%
Aucun quiz correspondant
Distribution des résultats
% des personnes avec chaque résultat
Percentile par nombre de réponses
Votre historique - résultats
Vous n’avez pas pris ce quiz